Online Catalogue and eLibrary

Voices of women in Panchayati Raj (Record no. 1501)

MARC details
000 -LEADER
fixed length control field 00643nam a2200157Ia 4500
005 - DATE AND TIME OF LATEST TRANSACTION
control field 20241218011818.0
008 - FIXED-LENGTH DATA ELEMENTS--GENERAL INFORMATION
fixed length control field 240331s9999 xx 000 0 und d
020 ## - INTERNATIONAL STANDARD BOOK NUMBER
ISBN 8174400575
082 ## - DDC Classification
Item Number - Author Mark CEN
DDC Edition Number 5498
Class No. 305
100 ## - MAIN ENTRY--PERSONAL NAME
Personal name Centre for Development Studies and Action
245 #0 - TITLE STATEMENT
Title Voices of women in Panchayati Raj
260 ## - PUBLICATION, DISTRIBUTION, ETC.
Place of publication, distribution, etc. New Delhi
Name of publisher, distributor, etc. Friedrich-Ebert-Stiftung
Date of publication, distribution, etc. 2004
300 ## - PHYSICAL DESCRIPTION
Extent (e.g. Volumes, Pages etc.) 150 p.,
500 ## - GENERAL NOTE
General note A brief summary of the interviews on the views and experiences of grassroots level women in Panchayati Raj in India, highlighting the impacts of increased female representation in rural development and socio political dynamic
942 ## - Koha item type (Biblio)
Koha item type Books in Stacks (Lending)
Holdings
Lost status Damaged status Collection code Home library Current library Shelving location Date acquired Full call number Accession Number Item type
    Lending WERC Library WERC Library Social Science Cupboard 03/31/2024 305 VOI 5498 Books in Stacks (Lending)

© WERC Library